00515nam a2200157Ia 450000500170000000800410001708200130005810000140007124500380008526000490012330000130017250000520018594200060023795200990024399900150034220250526015900.0240331s9999 xx 000 0 und d bDEMa305 aDe Mel, K 0aAgamathini Sirimawo Bandaranayaka aSri LankabSakithiya prakashaka samajac1960 a112 p ., aA book on prime minister Sirimavo Bandaranayake cL 001040708LaWERCLbWERCLcSSCd2024-03-31l0o 305.409 DEMp1299r2024-03-31w2024-03-31yL c1825d1825